000 01132nam a22002537a 4500
999 _c9373
_d9373
003 AR-CdUCM
008 190327b ||||| |||| 00| 0 spa d
040 _aMUNICIPALIDAD PROVINCIAL DEL CUSCO
_cBIBLIOTECA MUNICIPAL DEL CUSCO
082 _a985.051 /
_bH46 / 1929
100 _aHerrera, Bartolomé
_925522
245 _aEscritos y discursos /
260 _aLima :
_bF. y E. Rosay,
_c1929.
300 _atomos ;
_bláminas ;
_c21 cm.
505 _aContenido : t.1: Documentos oficiales relacionados con la fundación de la "biblioteca de la republica" y la publicación de las obras de Don Bartolome Herrera --Escritos y discursos -- t.2. Su labor en el convictorio de San Carlos -- Extracto de las memorias inéditas de uno de sus discípulos...
650 _aGamarra, Agustín, 1785-1841
_925523
650 _aDerecho constitucional
_94734
650 _aSoberanía (Derecho constitucional)
_925524
650 _aDerecho internacional público
_925035
700 _aLeguía, Jorge Guillermo (prólogo)
_925525
700 _aHerrera, Gonzalo
_925526
700 _aHerrera, Rodrigo
_925527
942 _2ddc
_cLIBROS
945 _azta